| 000 | 00932nam a2200205 u 4500 | ||
|---|---|---|---|
| 001 | 000282044 | ||
| 003 | AM-YeHGA | ||
| 005 | 20250617125724.0 | ||
| 008 | 031111s1988 ||||||||||||||||||||rus d | ||
| 040 | _aAM-YeHGA | ||
| 041 | 0 | _arus | |
| 245 | 0 | 0 |
_aИз истории промышленного развития Тюменской области (1917-1980) : _bДокументы и материалы / _cАрхивный отдел Тюменского облисполкома ; Редкол. Д.И. Копылов (отв. ред.) ; Сост. С.Б. Власова. |
| 260 |
_aСвердловск : _bСред.-Урал. кн. изд-во, _c1988. |
||
| 300 | _a416 с. | ||
| 650 | 1 | 4 | _aЭкономика народного хозяйства |
| 700 | 1 |
_aКопылов, Д.И. _eред. _4edt |
|
| 700 | 1 |
_aВласова, С.Б. _eсост. _4com |
|
| 700 | 1 |
_aВокуев, Н.Т. _eсост. _4com |
|
| 090 | _c104532 | ||
| 999 |
_c103213 _d103213 |
||